[Event "Vienna Millenium"]
[Site "Vienna"]
[Date "1996.08.11"]
[Round "3"]
[White "Kramnik, Vladimir"]
[Black "Ehlvest, Jaan"]
[Result "1-0"]
[WhiteElo "2765"]
[BlackElo "2660"]
[Annotator "Kramnik,V"]
[PlyCount "57"]
[EventDate "1996.08.09"]
[EventType "tourn"]
[EventRounds "9"]
[EventCountry "AUT"]
[EventCategory "18"]
[SourceTitle "CBM 055"]
[Source "ChessBase"]
[SourceDate "1996.12.01"]
[SourceVersion "1"]
[SourceVersionDate "1996.12.01"]
[SourceQuality "1"]

1. Nf3 {Ftacnik HarZvi} Nf6 2. c4 e6 3. Nc3 Bb4 4. Qc2 O-O 5. a3 Bxc3 6. Qxc3
c5 7. b4 (7. e3 {HarZvi} b6 8. b4 Qe7 9. Be2 d6 10. d4 cxd4 11. exd4 Nbd7 12.
O-O Bb7 13. Re1 Rfc8 14. Qb3 $14 {Kramnik,V-Aseev,K Moskva (open) 1992 57/532 
[Aseev,K]}) 7... b6 8. g3 Nc6 (8... Bb7 {Ftacnik} 9. Bg2 d6 10. O-O Nbd7 11.
Bb2 Qc7 12. d3 $14 {Illescas Cordoba,M -Karpov,A/Wijk m/1993/}) 9. Bg2 Bb7 10.
O-O d6 11. Bb2 {HarZvi: two rounds later Ehlvest played this position another
time this time against Gelfand who played 11.d3 and the ended in a quick draw}
(11. d3 {HarZvi} h6 12. Bb2 Rc8 13. Rad1 a6 14. e3 Qe7 15. Nd2 Rfd8 16. Ne4 Ne8
17. bxc5 bxc5 18. Qc2 Nb8 19. f4 d5 20. Nd2 dxc4 21. dxc4 {1-2/1-2 Grlfand,
B-Ehlvest,J Vienna 1996}) 11... e5 (11... Qc7 {HarZvi} 12. d3 e5 13. e3 Rfe8
14. Nh4 Ne7 15. e4 (15. Bxb7 Qxb7 16. e4 Nd7 $1 17. f4 f6 $10) 15... Nc6 $6 (
15... Nd7 16. f4 f6 17. Bh3 Nf8 $10) 16. Qd2 $14 {Illesecas Cordoba,M-Kamsky,G
Dos Hermanas 1995 63/11 [Illescas Cordoba,M]} (16. Qd2 {Ftacnik} Nd4 17. Bxd4
cxd4 18. Bh3 (18. f4 $2 Ng4 $13) 18... Bc8 19. Bxc8 Raxc8 20. f4 Nd7 (20... Ng4
$2 21. Ng2 $14) 21. fxe5 dxe5 22. Nf5 {Illescas Cordoba,M-Kamsky,G/Dos
Hermanas (04)/1995/1-0 (73)})) (11... Rc8 {Ftacnik} 12. d3 e5 (12... Qe7 13. b5
Nb8 14. e4 d5 15. exd5 exd5 16. Rfe1 Qd8 17. cxd5 Bxd5 18. Re5 Re8 19. Rae1
Rxe5 20. Rxe5 Qf8 21. Nd2 {1/2-1/2 Belov,I-Shneider,A/Cappelle op (03) 1995})
13. bxc5 bxc5 14. e3 Rb8 15. Rab1 Qe7 16. Ba1 Nd8 17. d4 cxd4 18. exd4 e4 19.
Nh4 d5 20. cxd5 Nxd5 21. Qa5 Qe6 22. Rfe1 f5 23. Qxa7 {1-0 Hjartarson,
J-Plaskett,J/Esbjerg (09)/1985/ (38)}) (11... Re8 {Ftacnik} 12. b5 Ne7 13. a4
a5 14. d3 d5 15. Qc2 $14 {Petrosian,T-Larsen,B/Vinkovci/1970/}) 12. e3 {
of course not allowing black to play Nd4} Rc8 13. d3 (13. d4 $5 exd4 (13...
cxd4 14. exd4 e4 15. Nd2 $14 d5 16. b5 Ne7 17. c5) 14. exd4 Nxd4 15. Nxd4 cxd4
16. Qxd4 Bxg2 17. Kxg2 $14 d5 $5) 13... Re8 $2 (13... Ne7 14. Qb3 $5 (14. Nxe5
$2 Bxg2 15. Ng4 Ne8 $1 16. Kxg2 (16. Nh6+ Kh8 17. Kxg2 f6 18. Ng4 h5) 16... h5
17. Nh6+ Kh7) 14... Rc7 15. d4) (13... a6 $1 $14 14. Nh4 $5) (13... a5 {Ftacnik
} 14. b5 Ne7 15. e4 $6 (15. Nxe5 $3 Bxg2 16. Ng4 $16) 15... Ne8 16. Nd2 Nc7 17.
Bh3 Rb8 18. f4 f6 19. Rf2 Bc8 20. Bxc8 {1/2-1/2 Kustar,S-Lavrov,A/
Balatonbereny op (08) ;EXT 93op 1993}) 14. b5 $1 $16 Ne7 {HarZvi: a terrible
mistake,probably black just missed white's combination} (14... Nb8 15. a4 (15.
Rad1 {Ftacnik} Qe7) 15... a5 16. e4 $16 Nbd7 17. Nh4) 15. Nxe5 $5 (15. e4 Ng6
16. Nd2 $16) 15... Bxg2 (15... dxe5 {Ftacnik} 16. Bxb7 $18) 16. Ng4 {a
suddenly there is a very big problem over the a1-h8 diagonal,and black is
forced to give back material} Ned5 $8 (16... Bxf1 17. Nxf6+ gxf6 (17... Kf8 {
HarZvi} 18. Nxh7+ {with mate}) (17... Kh8 {HarZvi} 18. Nxe8 f6 19. Nxf6) 18.
Qxf6 $18 {with mate on the next move}) (16... Nh5 17. Kxg2 f5 18. Nh6+ Kf8 19.
g4 $5 fxg4 20. f3 $1 g3 21. hxg3 gxh6 22. Rh1 $18) 17. Nxf6+ (17. cxd5 Bxf1 18.
Rxf1 Nh5) 17... gxf6 (17... Nxf6 {HarZvi} 18. Kxg2 $18) (17... Qxf6 {HarZvi}
18. Qxf6 Nxf6 19. Kxg2 $18) 18. cxd5 {HarZvi: black can take both on d5 and f1,
he took on on d5 then the material is equal but white has a winning advantage
but also taking on f1 is no big difference} Bxd5 $5 (18... Bxf1 19. Rxf1 $16
Qe7 (19... c4 {HarZvi} 20. dxc4 Re4 21. Rc1 Rexc4 22. Qxc4 Rxc4 23. Rxc4 $16 {
/+-}) (19... Kg7 {Ftacnik} 20. Qc4 (20. e4 Qe7 21. f4 $16) 20... Rg8 21. Qh4 h6
22. Rc1 $40) 20. Qc4 $1 f5 21. Qf4) 19. Rfe1 $5 (19. Qxf6 Qxf6 20. Bxf6 Bf3 $14
) 19... Re6 (19... Bb7 20. f4 d5 21. Qxf6 Qxf6 22. Bxf6 $16) (19... c4 $5 {
Ftacnik} 20. Qd4 (20. Rac1 cxd3 21. Qxd3 Be4 22. Qd4 Rc5 $14) (20. e4 cxd3 21.
Qxd3 Bc4 22. Qf3 Re6 23. Rac1 $14) 20... Rc5 21. Qg4+ (21. dxc4 Bxc4 (21... Re4
22. Qxf6 Qxf6 23. Bxf6 Bxc4 24. a4 $14) 22. a4) 21... Kh8 22. Bd4 Rxb5 23. Qf4
Re6 24. e4 Bb7 25. dxc4 $14) 20. f4 Kg7 $6 (20... c4 $2 21. Qd4 $1 Bb7 22. f5)
(20... Bb7 21. f5 Re8 (21... Re5 22. Qc4 $1 Rxf5 23. Rf1 $1) 22. Qxf6 Qxf6 23.
Bxf6 $16) 21. f5 Re8 (21... Re5 22. Qd2 Re8 23. e4 Bb7 24. Qg5+ $18) 22. Qd2
Bb7 23. e4 h6 $8 (23... d5 $2 {Ftacnik} 24. Qg5+ $18) 24. Qf4 {HarZvi: black's
position is simply hopeless} d5 (24... c4 25. Rad1 $5) 25. Qg4+ Kh7 26. Qh4 (
26. Qh5 $5) 26... Kg7 (26... d4 27. Bc1 $18 (27. Bc1 {Ftacnik} Rh8 28. Bxh6 $18
)) (26... dxe4 27. dxe4 $18) 27. exd5 $1 Kh7 {HarZvi: well Kg7-Kh7 what a
manoeuvre!} (27... Rxe1+ 28. Rxe1 Bxd5 29. Bc1 {with g5 and black is hopeless}
(29. Re8 $2 Qxe8 30. Qxf6+ Kf8) (29. g4 $1 {HarZvi  with g5 and black is
hopeless} Qd6 30. g5 hxg5 31. Qxg5+ Kh7 32. Qh4+ Kg7 33. Re3 $18) 29... Qh8 30.
Re7 $5 $18) (27... Rg8 28. d6 $1 $18 Qxd6 29. Re6 $1 fxe6 30. Qxf6+ Kh7 31.
Qf7+) (27... Bxd5 $2 {Ftacnik} 28. Rxe8 Qxe8 29. Qxf6+ Kf8 30. Qxh6+ $18) 28.
Re4 $1 (28. Bxf6 $2 Qxd5) 28... Bxd5 (28... Qxd5 29. Qxf6 Rg8 30. Bc1 Rg7 31.
Bxh6 $18) (28... Rxe4 29. dxe4 $18) (28... Rg8 29. Bxf6 Qxd5 30. Qxh6+ Kxh6 31.
Rh4#) (28... Qd6 29. Bxf6 Qf8 30. Rg4 Bxd5 31. Rg7+ Qxg7 32. Bxg7 Kxg7 33. f6+
$18) 29. Bxf6 {HarZvi: and black resigned after a queen move Qxh6! followed by
Rh4 seems good enough} (29. Bxf6 Rxe4 (29... Qd6 30. Qxh6+) (29... Qd7 {Ftacnik
} 30. Qxh6+ $1 Kxh6 31. Rh4#) 30. dxe4 (30. dxe4 Qd6 31. Rd1 $18)) 1-0

[Event "Hamburg FIDE GP"]
[Site "Hamburg"]
[Date "2019.11.12"]
[Round "3.2"]
[White "Grischuk, Alexander"]
[Black "Vachier Lagrave, Maxime"]
[Result "1-0"]
[WhiteElo "2764"]
[BlackElo "2777"]
[Annotator "Krasenkow,M"]
[PlyCount "125"]
[EventDate "2019.11.05"]
[EventType "k.o."]
[EventRounds "4"]
[EventCountry "GER"]
[SourceTitle "CBM 193"]
[Source "ChessBase"]
[SourceDate "2019.12.31"]
[SourceVersion "1"]
[SourceVersionDate "2019.12.31"]
[SourceQuality "1"]

{[%evp 0,125,20,20,29,-11,16,21,80,82,82,27,27,19,37,19,22,3,17,14,28,29,29,16,
16,21,57,7,15,18,12,6,12,39,39,38,42,42,51,51,60,48,16,16,57,57,57,40,40,35,67,
24,50,0,0,0,5,0,0,0,0,0,8,16,24,0,0,0,0,0,21,38,10,0,71,52,46,46,46,49,55,59,
68,64,65,65,68,64,66,56,63,57,57,21,37,57,69,68,68,73,68,66,74,72,146,84,84,76,
148,84,84,84,84,84,129,68,84,84,175,175,175,144,257,256,256,277,320,327]} 1.
Nf3 Nf6 2. c4 c5 3. Nc3 d5 4. cxd5 Nxd5 5. e3 $5 e6 6. Bc4 {White refrains
from d2-d4 (which would lead to the Semi-Tarrasch) for the time being but
finally, after some preparation, plays it.} Be7 7. O-O O-O 8. Qe2 Nc6 (8... b6
9. d4 cxd4 10. exd4 Bb7 11. Re1 Nxc3 12. bxc3 Nd7 13. Bd3 Qc7 14. c4 Bf6 15.
Bb2 {1/2 (15) Kuljasevic,D (2549)-Schreiner,P (2482) Balatonszarszo 2017 . Of
course, the position was full of life.}) 9. Rd1 (9. d4 cxd4 10. exd4 {again
leads to a position from the Semi-Tarrasch.}) 9... b6 10. d4 {Finally! This
particular position had not been seen in practice before this game but later,
with move transpositions, already known positions can arise.} Nxc3 (10... cxd4
11. exd4 Nxc3 ({or} 11... Bb7 12. Nxd5 exd5 13. Bd3 Bf6 14. Be3 Re8 15. Rac1 g6
16. Bb5 Re6 17. Qd2 $14 {1/2 (24) Drimer,D-Radulescu,M Bucharest 1960}) 12.
bxc3 {was seen in the following games:} Na5 (12... Bb7 13. Bd3 Qc7 $6 (13...
Qd5 $6 14. Rb1 Na5 15. Rb5 Qc6 16. d5 $1 $18 {1-0 (32) Malich,B (2360)
-Asmundsson,I (2274) Halle 2004}) (13... Rc8 $5) (13... Na5 {- 12...Na5}) 14.
Ng5 Bxg5 15. Bxg5 Ne7 16. c4 Ng6 (16... Rfe8 17. Qg4 Ng6 18. Rac1 e5 19. d5 e4
20. Bxe4 h5 21. Qf3 Qe5 22. Bxg6 fxg6 23. Be3 $16 {1-0 (60) Hausner,I (2410)
-Haselhorst,H (2265) Muenster 1992}) 17. d5 exd5 18. cxd5 Rfe8 19. Qg4 Qd6 20.
h4 Bc8 21. Qd4 Bd7 22. h5 Qe5 23. Qxe5 Nxe5 24. Ba6 $14 {1-0 (37) Pachman,
L-Zita,F Prague 1963}) 13. Bd3 Bb7 14. Bf4 Rc8 (14... Qd5 $6 15. Rab1 Bc6 (
15... Rac8 16. Rb5 Qd8 17. Ng5 Bxg5 18. Bxg5 Qd6 19. Bf6 $1 $16 {1-0 (26)
Pachman,L-Neikirkh,O Portoroz 1958}) 16. Be5 Ba4 17. c4 Qd7 18. Rd2 Nc6 19. d5
Nxe5 20. Nxe5 $16 {1-0 (27) Stahlberg,G-Szabo,L Helsinki 1952}) 15. Rac1 Bf6
16. c4 Qe7 $6 (16... Bxf3 17. Qxf3 Bxd4 18. Be5 Nc6 19. Bxd4 Nxd4 20. Qe3 Rc5
21. Bxh7+ Kxh7 22. Rxd4 Qg5 $11) 17. c5 Rfd8 18. Bd6 $36 {1-0 (21) Gipslis,
A-Barshauskas,V Riga 1961}) 11. bxc3 Qc7 (11... cxd4 $5 12. cxd4 (12. exd4 {
- above}) 12... Na5 13. Bd3 Bb7 14. e4 Rc8 15. Rb1 Bf6 16. Bd2 Nc6 17. e5 Be7
18. Qe4 g6 19. Bh6 Re8 20. h4 Rc7 21. Qg4 $13 {1/2 (21) Khenkin,I (2604)
-Jussupow,A (2582) Altenkirchen 2005}) (11... Bb7 {is hardly a correct pawn
sacrifice (it is more appropriate when White's e-pawn is on e4, and his
position is more exposed):} 12. dxc5 Qc7 13. cxb6 axb6 14. Nd4 Na5 15. Bd3 e5
16. Nb5 Qc6 17. f3 f5 18. e4 f4 19. Bd2 Bc5+ 20. Kh1 Rf6 21. Be1 $14 {0-1 (49)
Schinzel,W (2385)-Pribyl,J (2390) Warsaw 1980}) 12. e4 Rd8 $146 (12... Bb7 {
is more natural and quite satisfactory for Black:} 13. d5 (13. Be3 Rac8 14. Bd3
cxd4 15. cxd4 Ba3 16. e5 Nb4 17. Ng5 h6 18. Bh7+ Kh8 19. Qh5 Nd5 20. Bd3 Qe7
21. Nh7 Nxe3 22. fxe3 Rfd8 $13 {1/2 (40) Byrne,R-Fischer,R New York 1959}) (13.
Bg5 h6 14. Be3 Na5 15. Bd3 f5 16. Bd2 Bd6 17. dxc5 Bxc5 18. Nd4 Rae8 19. Re1
Nc6 20. exf5 Nxd4 21. cxd4 Bxd4 22. Rac1 Qd6 23. Rc4 Qd5 24. Be4 Qxe4 25. Qxe4
Bxe4 26. Rxe4 Bc5 27. Rxe6 Rd8 28. Re2 Rxf5 $11 {1/2 (44) Pachman,L-Kholmov,R
Bucharest 1954}) 13... exd5 14. Bxd5 (14. exd5 Na5 15. Bd3 Bxd5 16. Bxh7+ Kxh7
17. Rxd5 Rad8 18. Rh5+ Kg8 19. Bg5 Bxg5 20. Nxg5 g6 21. Rh4 Rfe8 $11 {1/2 (48)
Rossetto,H-Salomon,J Mar del Plata/ Buenos Aires 1954}) 14... Rae8 15. Be3 (15.
Qe3 Bf6 16. Rb1 Ne7 17. Bxb7 Qxb7 18. e5 Ng6 19. Qxc5 Nxe5 $17 {0-1 (25)
Belotelov,D (2267)-Groszpeter,A (2502) Pardubice 2003}) 15... Kh8 16. Rac1 f5
17. exf5 Rxf5 18. Be6 Rff8 $11 {0-1 (25) Saemisch,F-Rellstab,L Wesermuende 1948
}) 13. Be3 Na5 14. Bd3 Bb7 15. h4 b5 $5 {An active reply to a flank attack.}
16. Bxb5 Bxe4 17. dxc5 Bxf3 $6 (17... Bxc5 $142 18. Bxc5 Qxc5 19. Qxe4 Qxb5 $11
) 18. Qxf3 Bxc5 19. Bf4 {White keeps the bishop pair and initiative. However,
he had a nice tactical trick:} (19. Bg5 $5 Be7 $140 20. Rd7 $1 Rxd7 21. Bxd7
Rb8 $8 22. Bxe7 Qxd7 23. Bf6 $1 $16 {[%cal Rf3g3]}) 19... Qb7 20. Qe2 Qe7 21.
h5 Bd6 $6 (21... h6 $5) 22. Bxd6 Rxd6 23. Rxd6 Qxd6 {Black has managed to
trade bishops but his knight is out of play. White controls central files and
can attack on the kingside.} 24. Rd1 Qc5 25. Rd7 $1 Qxc3 (25... Rf8 26. h6 $1
$40) 26. Qd1 $6 (26. Qe4 $1 {was more energetic, obtaining full domination:}
Qc1+ (26... Rf8 27. h6 $1 Qc1+ 28. Bf1 Qxh6 29. Rxa7 Qg5 30. Qa4 $18) 27. Bf1
Qc6 28. Qd4 {[%cal Yh5h6]} h6 29. Rd8+ Kh7 30. Bd3+ f5 31. Rd7 Rg8 32. Qxa7 {
, and White should win.}) 26... h6 27. g3 Rf8 (27... Rb8 $5 28. a4 Nb7) 28.
Rxa7 Nc6 29. Rd7 Ne5 30. Rd8 Qc7 (30... Rxd8 31. Qxd8+ Kh7 32. Qd1 $14) 31.
Rxf8+ Kxf8 {[%mdl 4096]} 32. a4 {As a result of simplifications, White has
obtained an outside passed pawn. It is usually a serious advantage when he has
a bishop against the opponent's knight but less so with queens on the board.
However, Black faces hard defence anyway.} Ke7 33. Be2 Qc3 34. Qb1 Nc6 35. Qb7+
Kf6 36. Bf1 Na5 37. Qd7 g5 38. hxg6 Kxg6 39. Kg2 Kg7 40. Bb5 Qe5 41. Qd3 Qc5
42. Qf3 $1 {White finds a good square for his queen, from which it looks at
both flanks.} Qd4 (42... Qb4 43. Be8 Qe7 $2 44. Bxf7 $1 Qxf7 45. Qc3+) 43. Be8
$1 {The point! Black must exchange queens.} Qd5 44. Qxd5 exd5 45. Kf3 Kf6 46.
Kg4 Ke7 47. Bb5 Kf6 ({According to Maxime Vachier-Lagrave,} 47... Ke6 {,
trying to create counterply with the d-pawn, was better. However, after} 48.
Be2 {Black can hardly survive} ({but not} 48. Kh5 Nc4 $1 49. Kxh6 Kd6 50. Kg5
Kc5 51. g4 d4 52. Bxc4 Kxc4 53. a5 f6+ $5 (53... d3 54. a6 d2 55. a7 d1=Q 56.
a8=Q $18 {_|_}) 54. Kf5 d3 55. a6 d2 56. a7 d1=Q 57. a8=Q Qd7+ 58. Kxf6 Qd4+
59. Kg5 Qxf2 {is a theoretical draw}) {, and if} 48... Nc4 {then} 49. Kh5) (
47... Kd6 48. Kf5 {is poor, too.}) 48. Kh5 Kg7 49. Bf1 Nb3 50. Bg2 $1 {A
clever plan. White forces ...d5-d4, and Black's d-pawn becomes even more
vulnerable.} d4 51. Bf1 Nd2 (51... Na5 52. Kg4) 52. Bd3 Nb3 53. Bf1 Nd2 54. Bd3
Nb3 55. Bb5 f6 (55... f5 56. f4 Na5 57. Bd3 Kf6 58. Kxh6 {is also hopeless:
White plays g3-g4 f5xg4 Kh5xg4, and his king approaches Black's d-pawn.}) 56.
Bf1 Na5 57. Ba6 Nb3 58. Bb5 Na5 59. Kg4 Nb7 60. Kf4 Nc5 61. a5 d3 62. Ke3 d2
63. Be2 $1 1-0

[Event "FIDE-Wch k.o."]
[Site "Groningen"]
[Date "1997.12.11"]
[Round "2.1"]
[White "Krasenkow, Michal"]
[Black "Garcia, Gildardo"]
[Result "1-0"]
[WhiteElo "2645"]
[BlackElo "2480"]
[Annotator "Krasenkow,M"]
[PlyCount "59"]
[EventDate "1997.12.09"]
[EventType "k.o."]
[EventRounds "7"]
[EventCountry "NED"]
[SourceTitle "CBM 063"]
[Source "ChessBase"]
[SourceDate "1998.03.26"]
[SourceVersion "1"]
[SourceVersionDate "1998.03.26"]
[SourceQuality "1"]

1. Nf3 {Tsesarsky Ribli} Nf6 2. c4 e6 3. Nc3 Bb4 {[#]} 4. g4 $5 $146 {[%cal
Yg4g5] The idea of this move is similar to that of the Shabalov-Shirov attack
in the Anti-Meran: White combines his development with an early attack, which
disturbs Black's development plans. This move was first discovered by GM V.
Zvjagintsev and applied by him in a rapid game against M.Gurevich (Moscow 1996)
. I found 4.g4 independently. The present game is probably its first test in
"serious" chess. Ribli: Unglaublich! Eine theoretische Neuerung im vierten
Zug?  In Wirklichkeit ist das Zvjaginsevs Idee. Er spielte so in der
Schnellpartie Zvjaginsev - Gurevich,M (Moskau 1996), und einen Tag zuvor in
der Partie Zvjaginsev-Benjamin, Groningen, FIDE-Wch k.o. 1997.} d5 {This leads
to complications which are rather favourable for White} (4... h6 $142 {is more
solid.} 5. Rg1 (5. h3 $5) 5... d6 (5... d5 $5) 6. h4 e5 7. g5 hxg5 8. hxg5 Ng4
9. Nd5 Bc5 10. d4 Bb6 11. Nxb6 axb6 $13 {Zvjagintsev-Benjamin/Groningen/1997.
The game had been played just one day before my game against G.Garcia and I
didn"t know about it!}) (4... Nxg4 {Ribli} 5. Rg1 $14 {[%cal Rg1g7]}) 5. g5 (5.
Qa4+ {Tsesarsky} Nc6 6. Nd4 Bxc3 7. dxc3 Bd7 8. cxd5 exd5 (8... Nxd5 9. Bg2 Ne5
10. Qb3 $14) 9. h3 (9. g5 Ne4 10. Bg2 $11) 9... O-O 10. Bg2 Re8 11. Bg5 Ne5 12.
Qb3 c5 13. Nc2 Bc6 $11) 5... Ne4 (5... Bxc3 6. dxc3 $14 (6. bxc3 {Ribli} Ne4 7.
d3 Nxc3 8. Qc2 d4 9. Nxd4 Qxd4 10. Bb2 $14 {[%cal Rb2h8]}) (6. dxc3 Ne4 7. Bg2
$14)) 6. Qa4+ Nc6 7. Nxe4 (7. Ne5 {Tsesarsky} Bxc3 8. dxc3 (8. bxc3 Qd6 9. Nxc6
Qxc6 10. Qxc6+ bxc6 11. Rb1 $14) 8... Qd6 9. Nxc6 Qxc6 10. Qxc6+ bxc6 11. Bg2
Nd6 12. b3 Rb8 13. Be3 Rb7 14. Rd1 $14) 7... dxe4 8. Ne5 e3 $1 {[%cal Gc6h1,
Ga8c6,Ga8h1]} (8... Qd6 {Ribli} 9. Nxc6 bxc6 10. Bg2 $16 {[%csl Re4]}) 9. fxe3
Qxg5 (9... Bd7 10. Nxd7 Qxg5 (10... Qxd7 11. Bg2 O-O-O 12. O-O Bxd2 13. Rd1
Bxc1 14. Rxd7 Bxe3+ 15. Kh1 Kxd7 16. Qb5 $16) 11. Ne5 {Ribli: Weiß hat eine
ganze Figur mehr, aber die beste Möglichkeit ist, sie zurückzugeben.} (11. Qb5
Qh4+ 12. Kd1 Kxd7 13. Bg2 Rab8 (13... Rab8 {Tsesarsky} 14. d4 Rhd8 15. Bd2 $11)
) 11... Qxe5 12. Bg2 Rb8 (12... Qd6 $2 13. a3 Bc5 14. b4 $18) 13. Bxc6+ bxc6
14. Qxc6+ Kf8 15. O-O $16 {Black hasn't got enough compensation for the pawn.})
10. Nf3 (10. Nxc6 $2 Bd7 (10... Qh4+ $6 {Ribli} 11. Kd1 Bd7 12. Bg2 $16 (12.
Qxb4 $2 Bxc6 13. Rg1 Qf2 $13)) 11. Qxb4 Bxc6 $19 {[%cal Rc6h1]}) 10... Qe7 $2 {
Here Black's queen disturbs his bishop. Ribli: Es ist interessant, daß in
unbekannten Stellungen leicht Fehler unterlaufen. Der Damenzug hat einen
großen Nachteil: es gibt kein gutes Feld für den b4-Läufer.} (10... Qh6 $5) (
10... Qf6 11. Bg2 {Tsesarsky} Bd7 $132) 11. a3 (11. Rg1 $5 {Tsesarsky}) 11...
Bd6 12. d4 {[%cal Rc4c5] Ribli: Weiß hat eine starke Bauernmasse im Zentrum
und es ist nicht leicht für Schwarz Gegenspiel zu organisieren, aber Weiß hat
auch ein dauerhaftes struturelles Problem: seinen Doppelbauern.} Bd7 13. Qc2 (
13. c5 {Ribli} Ne5 14. Qc2 (14. cxd6 $2 Nxf3+ 15. exf3 Qh4+ $19) 14... Nxf3+
15. exf3 Qh4+ 16. Qf2 Qxf2+ 17. Kxf2 Be7 $14) 13... Qf6 {Ribli: Schwarz muß so
spielen, aber das bedeutet, daß der Zug 10...Qe7 fehlerhaft war.} 14. b4 {
Ein starker Zug. Es droht Bb2 und in einigen Varianten b4-b5 mit Raumgewinn.} (
14. Bg2 {Tsesarsky} O-O-O 15. O-O Qg6 16. Qxg6 hxg6 $132) 14... e5 $2 {A
suicide as Black is not ready to open up the position.} (14... Qg6 15. Qc3 $16
{[%csl Gc4,Gd4][%cal Yh1g1,Gc3g7,Rg1g6,Yb4b5,Yc4c5,Yd4d5]} (15. e4 $2 e5 16. c5
(16. d5 $2 Nd4 17. Nxd4 exd4 18. c5 Be5 $15 {[%csl Ge5]}) 16... Be7 17. d5 (17.
dxe5 O-O-O $44) 17... Nd4 18. Nxd4 exd4 $36) (15. Qc3 $14 {Ribli Ribli: Nach
meiner Meinung vefügt Weiß über die besseren Aussichten, denn er hat große
Raumvorteil. Die schwarze Stellung weist jedoch keine besonderen Schwächen auf.
} Qe4) (15. Qxg6 $6 hxg6 $11)) (14... O-O-O $2 {Ribli} 15. b5 $40 (15. b5 {
Tsesarsky} Na5 16. Bd2 b6 17. c5 Bxc5 18. Bxa5 $16) (15. c5 Be7 16. Rg1 $132))
(14... O-O {Ribli} 15. Bb2 {[%cal Gb2g7,Gh1g1,Gg1g7]} (15. Rg1 $5)) 15. d5 $1 (
15. b5 Bf5 16. Qb2 e4 17. bxc6 exf3 18. cxb7 f2+ 19. Kd1 Rb8 $132) (15. c5 Bf8
16. d5 (16. b5 Ne7) 16... Ne7 (16... Ne7 {Ribli} 17. e4 $14)) 15... Bf5 {
Ribli: Das ist die einzige Möglichkeit für Schwarz im Trüben zu fischen.} (
15... Nd8 16. c5 Be7 17. Bb2 $18 {[%cal Rb2e5]} (17. Bb2 {Tsesarsky} Qg6 18.
Qxg6 hxg6 19. Bxe5 $16)) (15... Ne7 {Ribli} 16. c5 $18) 16. Qa4 {[%csl Rc6]} (
16. e4 $2 Nd4 17. Nxd4 (17. Qd3 {Ribli} Nxf3+ (17... Bd7 {Tsesarsky} 18. Bb2 c5
$1 $15) 18. exf3 Qh4+ 19. Ke2 $14) 17... Qh4+ {Ribli: Am einfachsten! Schwarz
gewinnt Material.} (17... exd4 $2 {Ribli} 18. exf5 d3 19. Qa4+ $18 (19. Qb1 $2
Be5 $132 20. Ra2 Qh4+ 21. Kd2 Qf4+ 22. Kd1 (22. Kxd3 Qxf5+ 23. e4 Qf3+ $19)
22... Qe4 {[%cal Re4h1,Ge4b1]} 23. Rg1 $2 dxe2+ $19)) 18. Kd1 Bxe4 $19 (18...
Bxe4 19. Qa4+ Kf8 20. Nf3 Bxf3 21. exf3 Qd4+ $19)) 16... Be4 {A desperate
attack.} (16... e4 17. Nd4 $18 (17. Nd4 {Tsesarsky} Bd7 18. dxc6 Bxc6 19. b5
Bd7 20. Bb2 Qg5 21. Kd2 $18)) 17. dxc6 b5 (17... Bxc6 18. Qc2 (18. Qc2 {Ribli}
Bxf3 (18... O-O-O {Tsesarsky} 19. Bh3+ Kb8 20. e4 $18) 19. exf3 Qxf3 20. Bg2
$18)) 18. cxb5 (18. Qxb5 {Ribli} Bxf3 19. exf3 e4 (19... Qxf3 20. Rg1 $18) 20.
Ra2 exf3 (20... Qxf3 21. Bg2 $18) 21. c5 $16) 18... Bxf3 19. exf3 e4 (19...
Qh4+ 20. Ke2 Qc4+ 21. Kf2 Qh4+ 22. Kg1 $18 (22. Kg1 {Ribli} Qg5+ 23. Bg2 $18))
(19... Qxf3 {was the best chance but after} 20. Rg1 Be7 21. Rg3 Bh4 22. Ra2
Bxg3+ 23. hxg3 Qxg3+ 24. Rf2 O-O 25. Bg2 (25. Qb3 {Ribli}) (25. Qc2 Rad8 26.
Bg2 $16 {Ribli: Weiß hat zwei Läufer für den Turm, aber seine Königsstellung
ist ein wenig schwach.}) 25... Rad8 26. Qb3 {White easily defends maintaining
his material advantage, e.g.} h5 27. Kf1 h4 28. Bd5 $18) 20. Ra2 exf3 21. Rf2 {
The black attack is over; White only needs to consolidate his position.} Rd8
22. Qc2 Be5 (22... Qh4 23. Qf5 $18 (23. Qf5 {[%csl Rf3,Gf5] Ribli} Bxb4+ 24.
axb4 Qxb4+ 25. Bd2 $18 {Ribli: Und wegen der Dame auf f5 geht 25...Qb1 nicht.
Schwarz ist verloren.})) 23. Bb2 O-O 24. Bxe5 Qxe5 25. Rxf3 Rd6 26. Bg2 Qxb5 {
Ribli: Schwarz hat nichts für die Figur, aber es ist nie zu spät zum Aufgeben.
Er macht noch ein paar Züge.} 27. Rf5 Qa6 28. Ra5 Qb6 29. Qc5 Qb8 30. O-O {
Black probably waited for this move to resign.} 1-0